000
00273nam a2200121Ia 4500
005
20251222155114.0
008
251222s9999||||xx |||||||||||||| ||spa||
082
_a
ETI.85
100
_a
HERNANDEZ GARCIA.
245
0
_a
Etica profesional
264
_b
No tiene
942
_c
LIB
999
_c
38166
_d
38166